| 000 | 01120nam a22003497a 4500 | ||
|---|---|---|---|
| 001 | 0011769 | ||
| 003 | DO-SdBPM | ||
| 005 | 20260305092333.0 | ||
| 007 | 0011769 | ||
| 008 | 161115b2004 sp |||| 00| 0 spa d | ||
| 020 | _a9788420428673 | ||
| 040 |
_aDO-SdBPM _bspa _cBPMSU _erda |
||
| 082 | 0 | 4 |
_a869.3 _bM149d 2004 _222 |
| 100 | 1 |
_aMachado, Ana María _d1941- _4aut. _eautor |
|
| 245 | 1 | 4 |
_aDía de lluvia / _cAna María Machado; ilustraciones Francesc Rovira |
| 250 | _a2a ed. | ||
| 260 | _c | ||
| 264 |
_aMadrid : _bAlfaguara, _c2004. |
||
| 300 | 1 |
_a23 págians : _bilustraciones, _c20 cm. |
|
| 336 |
_atexto _btxt _2rdacontent |
||
| 337 |
_asin mediación _bn _2rdamedia |
||
| 338 |
_avolumen _bnc _2rdacarrier |
||
| 490 | 0 |
_aPróxima parada Alfaguara ; _aPrimeros lectores |
|
| 590 | _aInventariado, 2026/VM | ||
| 650 | 7 | _aCuentos infantiles brasileños | |
| 650 | 7 | _aCuentos de aventuras | |
| 650 | 7 | _aLiteratura infantil brasileña | |
| 700 | 1 |
_aRovira, Francesc, _eilustraciones |
|
| 830 | 0 | _pPrimeros lectores | |
| 910 | _aBTAVÁREZ/ VMateo V. Control de calidad. BPMSU | ||
| 942 |
_2ddc _cBK |
||
| 999 |
_c11962 _d11962 |
||